<?xml version="1.0" encoding="UTF-8"?>
<record
    xmlns:xsi="http://www.w3.org/2001/XMLSchema-instance"
    xsi:schemaLocation="http://www.loc.gov/MARC21/slim http://www.loc.gov/standards/marcxml/schema/MARC21slim.xsd"
    xmlns="http://www.loc.gov/MARC21/slim">

  <leader>00709nam a22001697a 4500</leader>
  <controlfield tag="008">150716b        xxu||||| |||| 00| 0 eng d</controlfield>
  <datafield tag="020" ind1=" " ind2=" ">
    <subfield code="a">9781405896139</subfield>
  </datafield>
  <datafield tag="050" ind1=" " ind2=" ">
    <subfield code="a">CD-ROM QA 11.154 .Ex96t7 2009</subfield>
  </datafield>
  <datafield tag="100" ind1=" " ind2=" ">
    <subfield code="a">Straker, Anita </subfield>
  </datafield>
  <datafield tag="245" ind1=" " ind2=" ">
    <subfield code="a">Exploring maths 7 :</subfield>
    <subfield code="b">teacher's CD-ROM</subfield>
  </datafield>
  <datafield tag="260" ind1=" " ind2=" ">
    <subfield code="a">Great Britain, Scotprint </subfield>
    <subfield code="b">Pearson, Longman </subfield>
    <subfield code="c">2009</subfield>
  </datafield>
  <datafield tag="300" ind1=" " ind2=" ">
    <subfield code="a">3 v.</subfield>
    <subfield code="b"> : ill. ; </subfield>
    <subfield code="c"> 28 cm + 1 CD-ROM (4 3/4 in.)</subfield>
  </datafield>
  <datafield tag="500" ind1=" " ind2=" ">
    <subfield code="a">System requirements for accompanying disc: 4 GHz Pentium Processor; 1 GB RAM; 1 GB free hard disk; 1024x768 display; sound card and speakers; 16x CD-ROM drive.</subfield>
  </datafield>
  <datafield tag="650" ind1=" " ind2=" ">
    <subfield code="a">Mathematics -- Study and teaching (Secondary)</subfield>
  </datafield>
  <datafield tag="700" ind1=" " ind2=" ">
    <subfield code="a">Anita Straker ... [et al.].</subfield>
  </datafield>
  <datafield tag="942" ind1=" " ind2=" ">
    <subfield code="2">lcc</subfield>
    <subfield code="c">ED</subfield>
  </datafield>
  <datafield tag="999" ind1=" " ind2=" ">
    <subfield code="c">288298</subfield>
    <subfield code="d">288298</subfield>
  </datafield>
  <datafield tag="952" ind1=" " ind2=" ">
    <subfield code="0">0</subfield>
    <subfield code="1">0</subfield>
    <subfield code="2">lcc</subfield>
    <subfield code="4">0</subfield>
    <subfield code="a">LUX</subfield>
    <subfield code="b">LUX</subfield>
    <subfield code="c">AV</subfield>
    <subfield code="d">2015-07-16</subfield>
    <subfield code="e">Library Fund </subfield>
    <subfield code="l">0</subfield>
    <subfield code="o">CD-ROM QA 11.154 .Ex96t7 2009</subfield>
    <subfield code="p">AV1532</subfield>
    <subfield code="r">2015-07-16 00:00:00</subfield>
    <subfield code="w">2015-07-16</subfield>
    <subfield code="y">ED</subfield>
    <subfield code="z">Be Amazing. Be Southville!</subfield>
  </datafield>
  <datafield tag="952" ind1=" " ind2=" ">
    <subfield code="0">0</subfield>
    <subfield code="1">0</subfield>
    <subfield code="2">lcc</subfield>
    <subfield code="4">0</subfield>
    <subfield code="a">LUX</subfield>
    <subfield code="b">LUX</subfield>
    <subfield code="c">AV</subfield>
    <subfield code="d">2015-07-16</subfield>
    <subfield code="e">Library Fund </subfield>
    <subfield code="l">0</subfield>
    <subfield code="o">CD-ROM QA 11.154 .Ex96t7 2009</subfield>
    <subfield code="p">AV1533</subfield>
    <subfield code="r">2015-07-16 00:00:00</subfield>
    <subfield code="w">2015-07-16</subfield>
    <subfield code="y">ED</subfield>
    <subfield code="z">Be Amazing. Be Southville!</subfield>
  </datafield>
</record>
